Skills & Tactics : (Record no. 163359)
[ view plain ]
| 000 -LEADER | |
|---|---|
| fixed length control field | 00459nam a22001697a 4500 |
| 005 - DATE AND TIME OF LATEST TRANSACTION | |
| control field | 20190411122013.0 |
| 010 ## - LCCN (DPL NO) | |
| LC control number | A-806230 |
| 020 ## - INTERNATIONAL STANDARD BOOK NUMBER | |
| International Standard Book Number | 8186190368 |
| Terms of availability | 95.00 |
| 035 ## - SYSTEM CONTROL NUMBER | |
| System control number | A-806230 |
| 037 ## - SOURCE OF ACQUISITION | |
| Source of stock number/acquisition | Sports Publications |
| 082 ## - DEWEY DECIMAL CLASSIFICATION NUMBER | |
| Classification number | 794.72 |
| 100 ## - MAIN ENTRY--PERSONAL NAME | |
| Personal name | Thani, Lokesh |
| 245 ## - TITLE STATEMENT | |
| Title | Skills & Tactics : |
| Remainder of title | Billards / |
| Statement of responsibility, etc | Lokesh Thani |
| 260 ## - PUBLICATION, DISTRIBUTION, ETC. (IMPRINT) | |
| Place of publication, distribution, etc | Delhi |
| Name of publisher, distributor, etc | Sports Publications |
| Date of publication, distribution, etc | 1996 |
| 300 ## - PHYSICAL DESCRIPTION | |
| Extent | 55p. |
| Dimensions | 20cm(hbk) |
| 942 ## - ADDED ENTRY ELEMENTS (KOHA) | |
| Source of classification or shelving scheme | Dewey Decimal Classification |
| Item type | English Books |
| Classification part | 794.72 |
| Call number suffix | THA |
| Withdrawn status | Lost status | Not for loan | Collection code | Home library | Current library | Date acquired | Full call number | Barcode | Koha item type | Public note |
|---|---|---|---|---|---|---|---|---|---|---|
| Non-fiction | Sarojini Nagar | Sarojini Nagar | 11/04/2019 | 794.72 THA | A-806230 | English Books | Withdrawn List Prepared L.No.15/12 |
